| 000 | 00451nam a2200181Ia 4500 | ||
|---|---|---|---|
| 001 | 13428 | ||
| 005 | 20260306164800.0 | ||
| 008 | 260306t1995||||xx |||||||||||||| ||spa|| | ||
| 041 | _aESP | ||
| 082 |
_a004.01 _bB84 |
||
| 100 |
_aBrookshear, J. Glenn _eAUT |
||
| 245 | 0 | _aIntroducción a las ciencias de la computación | |
| 260 | _c1995 | ||
| 300 |
_axii, 531 páginas : _c24 cm. |
||
| 650 | _aGEN | ||
| 654 | _aCCC | ||
| 942 |
_cLIB _dJUS _fJUS _2ddc _n |
||
| 999 |
_c13428 _d13428 |
||